Elektrik makinalarının tasarımı/ (Record no. 1306)
| 000 -BAŞLIK | |
|---|---|
| Sabit Uzunluktaki Kontrol Alanı | 01269nam a22003857a 4500 |
| 001 - KONTROL NUMARASI | |
| Control Dosyası | 0001316 |
| 003 - KONTROL NUMARASI KİMLİĞİ | |
| Kontrol Alanı | KOHA_MİRAKIL |
| 005 - EN SON İŞLEM TARİHİ ve ZAMANI | |
| Kontrol Alanı | 20260207001237.0 |
| 007 - FİZİKSEL TANIM SABİT ALAN - GENEL BİLGİ | |
| Sabit uzunluklu kontrol alanı | ta |
| 008 - SABİT UZUNLUKTAKİ VERİ ÖGELERİ - GENEL BİLGİ | |
| Sabit Alan | 150629b2001 tu a|||gr||||#||||0|tur | |
| 020 ## - ISBN - ULUSLARARASI STANDART KİTAP NUMARASI | |
| Isbn | 9756574070 |
| Kullanılabilirlik koşulları | 24,69 |
| 040 ## - KATALOGLAMA KAYNAĞI | |
| Özgün Kataloglama Kurumu | TR-BiSEU |
| Kataloglama Dili | tur |
| Çeviri Kurumu | TR-BiSEU |
| Açıklama Kuralları | rda |
| 041 0# - DİL KODU | |
| Metin ya da ses kaydının dil kodu | tur |
| 044 ## - YAYINLAYAN/ÜRETEN KURULUŞUN ÜLKE KODU | |
| ISO country code | tu |
| 050 ## - SINIFLAMA ve YER NUMARASI | |
| Sınıflama Numarası | TK2331 |
| Yer Numarası | .G87 2001 |
| 100 1# - KİŞİ ADI | |
| Yazar Adı (Kişi adı) | Gürdal, Osman. |
| 245 1# - ESER ADI BİLDİRİMİ | |
| Başlık | Elektrik makinalarının tasarımı/ |
| Sorumluluk Bildirimi | Osman Gürdal ; Osman Gürdal. |
| 264 #1 - ÜRERİM, YAYIN, DAĞITIM ve TELİF BİLDİRİMİ | |
| Yayın yeri | İstanbul : |
| Yayınlayan | Atlas Yayın Dağıtım |
| Yayın tarihi | 2001 |
| 300 ## - FİZİKSEL TANIMLAMA | |
| Sayfa, Cilt vb. | XIV, 510 sayfa: resimli |
| 336 ## - İÇERİK TÜRÜ | |
| Content type term | metin |
| Content type code | txt |
| Source | rdacontent |
| 337 ## - MEDYA TÜRÜ | |
| Media type term | aracısız |
| Media type code | n |
| Source | rdamedia |
| 338 ## - TAŞIYICI TÜRÜ | |
| Carrier type term | cilt |
| Carrier type code | nc |
| Source | rdacarrier |
| 490 1# - DİZİ BİLDİRİMİ | |
| Dizi Bildirimi | Atlas Yayın ; |
| Cilt Numarası | no. |
| 490 1# - DİZİ BİLDİRİMİ | |
| Dizi Bildirimi | 08 |
| 500 ## - GENEL NOT | |
| Genel Not | Kaynakça ve dizin var. |
| 650 #0 - KONU BAŞLIĞI EK GİRİŞ - KONU TERİMİ | |
| Konusal terim veya coğrafi ad | Elektrik makineleri--Tasarım Konstrüksiyon. |
| 9 (RLIN) | 4362 |
| 650 #0 - KONU BAŞLIĞI EK GİRİŞ - KONU TERİMİ | |
| Konusal terim veya coğrafi ad | Elektrik motorları--Tasarım ve konstrüksiyon. |
| 9 (RLIN) | 4363 |
| 650 #0 - KONU BAŞLIĞI EK GİRİŞ - KONU TERİMİ | |
| Konusal terim veya coğrafi ad | Elektrik makineleri--Tasarım ve konstrüksiyon--Bilgisayar programları. |
| 9 (RLIN) | 4364 |
| 650 #0 - KONU BAŞLIĞI EK GİRİŞ - KONU TERİMİ | |
| Konusal terim veya coğrafi ad | Machinery--Design. |
| 9 (RLIN) | 4365 |
| 650 #0 - KONU BAŞLIĞI EK GİRİŞ - KONU TERİMİ | |
| Konusal terim veya coğrafi ad | Electric machinery--Design and construction. |
| 9 (RLIN) | 4366 |
| 650 #0 - KONU BAŞLIĞI EK GİRİŞ - KONU TERİMİ | |
| Konusal terim veya coğrafi ad | Electric machinery industry. |
| 9 (RLIN) | 4367 |
| 830 1# - SERİ EK GİRİŞİ - TEKBİÇİM ESER ADI | |
| Tekbiçim Başlık | Atlas Yayın ; |
| Volume number/sequential designation | no. |
| 9 (RLIN) | 4368 |
| 830 1# - SERİ EK GİRİŞİ - TEKBİÇİM ESER ADI | |
| Tekbiçim Başlık | 08 |
| 9 (RLIN) | 4369 |
| 942 ## - EK GİRİŞ ÖGELERİ (KOHA) | |
| Source of classification or shelving scheme | Library of Congress Classification |
| Koha item type | Book |
| Materyal Türü | Kalıcı Konum | Mevcut Konum | Raf Yeri | Sınıflandırma Kaynağı | Edinim Bilgisi | Ana Konular | Alt Konular | Yer Numarası | Demirbaş Numarası | Fatura Tarihi | Maliyet, Alış Fiyatı | Maliyet, Yenileme Fiyatı | Geri Çekilme Durumu | Kayıp Durumu | Hasarlı Durumu | Kredi için değil | Kayıt Tarih | Toplam Ödünçverme | Son Görülme Tarihi | Son Kontrol Tarihi | Genel / Bağış Notu | Toplam Yenileme | Satın Alma Notu |
|---|---|---|---|---|---|---|---|---|---|---|---|---|---|---|---|---|---|---|---|---|---|---|---|
| Book | Prof. Dr. Azmi Özcan Kütüphanesi | Prof. Dr. Azmi Özcan Kütüphanesi | Birûni Salonu | Library of Congress Classification | Satın | TEKNOLOJİ | Elektrik Mühendisliği, Elektronik, Nükleer Mühendislik | TK2331 .G87 2001 | 0001316 | 12/12/2008 | 26.67 | 26.67 | 12/12/2008 | 1 | 05/12/2024 | 05/12/2024 | |||||||
| Book | Prof. Dr. Azmi Özcan Kütüphanesi | Prof. Dr. Azmi Özcan Kütüphanesi | Birûni Salonu | Library of Congress Classification | Satın | TEKNOLOJİ | Elektrik Mühendisliği, Elektronik, Nükleer Mühendislik | TK2331 .G87 2001 | 0001324 | 12/12/2008 | 26.67 | 26.67 | 12/12/2008 | 05/12/2024 | 05/12/2024 | ||||||||
| Book | Prof. Dr. Azmi Özcan Kütüphanesi | Prof. Dr. Azmi Özcan Kütüphanesi | Birûni Salonu | Library of Congress Classification | Bağış | TEKNOLOJİ | Elektrik Mühendisliği, Elektronik, Nükleer Mühendislik | TK2331 .G87 2001 | 0003288 | 13/08/2010 | 6.00 | 6.00 | 26/03/2009 | 3 | 05/12/2024 | 05/12/2024 | MYO | ||||||
| Book | Prof. Dr. Azmi Özcan Kütüphanesi | Prof. Dr. Azmi Özcan Kütüphanesi | Birûni Salonu | Library of Congress Classification | Bağış | TEKNOLOJİ | Elektrik Mühendisliği, Elektronik, Nükleer Mühendislik | TK2331 .G87 2001 | 0004349 | 13/08/2010 | 6.00 | 6.00 | 05/05/2009 | 05/12/2024 | 05/12/2024 | MYO | |||||||
| Book | Prof. Dr. Azmi Özcan Kütüphanesi | Prof. Dr. Azmi Özcan Kütüphanesi | Birûni Salonu | Library of Congress Classification | Bağış | TEKNOLOJİ | Elektrik Mühendisliği, Elektronik, Nükleer Mühendislik | TK2331 .G87 2001 | 0031555 | 02/02/2026 | 6.00 | 6.00 | 22/08/2011 | 3 | 25/03/2026 | 23/02/2026 | Genel Bağış | 1 | |||||
| Book | Prof. Dr. Azmi Özcan Kütüphanesi | Prof. Dr. Azmi Özcan Kütüphanesi | Birûni Salonu | Library of Congress Classification | Satın | TEKNOLOJİ | Elektrik Mühendisliği, Elektronik, Nükleer Mühendislik | TK2331 .G87 2001 | 0051465 | 07/07/2015 | 18.61 | 18.61 | 29/06/2015 | 05/12/2024 | 05/12/2024 | B-984687 - B-984797 |
